Corso di diritto ecclesiastico: ordinamento giuridico e interessi religiosi

Bewaard in:
Bibliografische gegevens
Hoofdauteur: Vitale, Antonio (Auteur)
Formaat: Boek
Taal:Italiaans
Gepubliceerd in: Milán Dott. A. Giuffre 1992
Editie:6a. ed
Onderwerpen:
Tags: Voeg label toe
Geen labels, Wees de eerste die dit record labelt!

MARC

LEADER 00000nam a2200000 a 4500
001 UCV3193
003 CL-VaPUC
008 930428e19920000IT |||||||||||||||||ita|d
082 0 4 |a 262.9  |b VIT  |2 21 
100 0 |a Vitale, Antonio  |e author  |9 297445 
245 1 0 |a Corso di diritto ecclesiastico: ordinamento giuridico e interessi religiosi 
250 |a 6a. ed 
300 |a 404 p 
942 |c BK 
945 |d 19930428 00:00:00 
260 |a Milán  |b Dott. A. Giuffre  |c 1992 
650 0 |a Derecho eclesiástico  |9 255055 
583 |a last modification  |c 19930428 00:00:00  |k Rodrigo Vera 
999 |c 210497  |d 210495 
952 |0 0  |1 0  |4 0  |6 262_900000000000000_VIT_1992  |7 0  |8 A  |9 186788  |a BIBDER  |b BIBDER  |d 2019-11-14  |i 2544083  |o 262.9 VIT 1992  |p 2544083  |r 2023-01-25  |w 2019-11-14  |y BK  |k DER